| 000 | 00000nam##2200000za#4500 |
| 001 | 9.599616 |
| 003 | CaOODSP |
| 005 | 20240501092931 |
| 007 | cr ||||||||||| |
| 008 | 150406|2001||||xxc|||||o f|0| 0 fre|d |
| 040 | |aCaOODSP|bfre |
| 043 | |an-cn--- |
| 086 | 1 |aPS83-3/102F-PDF |
| 110 | 2 |aService correctionnel Canada. |
| 245 | 10|aProfil des recrues au poste d'agent de correction / |h[ressource électronique]|c[par] Claude Tellier ... [et al]. |
| 260 | |bService correctionnel Canada |cAoût 2001. |
| 300 | |a30p.|bgraphiques, références, tableaux |
| 490 | 1 |aRapport de recherche|v[R-102] |
| 590 | |a10-14-Supp|b2010-12-03 |
| 720 | 1 |aDowden, Craig |
| 720 | 1 |aTellier, Claude |
| 720 | 1 |aMileto, Joseph A. |
| 720 | 1 |aVuong, Ben |
| 775 | 08|tProfile of correctional officer recruits / |w(CaOODSP)9.568325 |
| 830 | #0|aRapport de recherche (Service correctionnel Canada. Direction de la recherche)|v[R-102]|w(CaOODSP)9.502465 |
| 856 | 40|ahttp://publications.gc.ca|qPDF|s118 Ko|uhttps://publications.gc.ca/collections/collection_2010/scc-csc/PS83-3-102-fra.pdf|y[R-102] |